Crossword - "G" Words - Statistics

General Stats
  • This quiz has been taken 4,301 times
    2,697 since last reset
  • The average score is 22 of 30
Answer Stats
A/D Clue Answer % Correct
11. Across Female child (4) Girl
98%
5. Down Color between black and white (4) Gray
96%
12. Across Precious yellow metal, symbol Au (4) Gold
95%
20. Across Asian country or US State (7) Georgia
93%
19. Down Organised group of criminals (4) Gang
91%
22. Across Smart person (6) Genius
91%
19. Across Glasses to protect the eyes, e.g. swimming (7) Goggles
90%
20. Down Country in Western Africa; ___ pig (6) Guinea
88%
4. Down Searching on a search engine (8) Googling
87%
2. Down Looking or staring at, e.g. the stars (6) Gazing
85%
1. Across Laughing (8) Giggling
85%
18. Down A young bird of this kind is called a gosling (5) Goose
85%
22. Down Desired result; sports structure to score in (4) Goal
84%
21. Down Plants area on property next to a house (6) Garden
82%
8. Across Moving or travelling (5) Going
79%
4. Across Wide open (e.g. hole, wound) (6) Gaping
77%
9. Down Easily deceived or tricked (8) Gullible
73%
15. Across Choking or retching (7) Gagging
71%
14. Across Produce or create (8) Generate
66%
23. Across Hitler made Jews live in these areas (7) Ghettos
64%
3. Down Evaluating or scoring performance (7) Grading
60%
7. Down To rule over (e.g. a country) (6) Govern
57%
10. Across Dark or poorly-lit (6) Gloomy
55%
17. Down Flows out rapidly and plentifully (6) Gushes
54%
16. Down A flock of '18 Down' (6) Gaggle
51%
13. Down Medical care of elderly people (10) Geriatrics
51%
24. Across Process of connectivity worldwide (13) Globalization
40%
6. Across Excrement of seabirds, used for fertilizer (5) Guano
39%
1. Down Drinking in large mouthfuls (8) Glugging
38%
Mystery Word Greetings
37%
No matching quizzes found
Score Distribution
Percent of People with Each Score
Percentile by Number Answered
Your Score History
You have not taken this quiz since the last reset